Central Library OPAC University of Rajshahi

A first course in probability / (Record no. 7940)

MARC details
000 -LEADER
fixed length control field 00826cam a2200277 a 4500
001 - CONTROL NUMBER
control field 7940
003 - CONTROL NUMBER IDENTIFIER
rucl marc code BDjRUL
005 - DATE AND TIME OF LATEST TRANSACTION
control field 20211208234511.0
008 - FIXED-LENGTH DATA ELEMENTS--GENERAL INFORMATION
fixed length control field 140116r20052003enka 001 0 eng d
020 ## - INTERNATIONAL STANDARD BOOK NUMBER
International Standard Book Number 8173196230
035 ## - SYSTEM CONTROL NUMBER
System control number (BDjRUL)7984
040 ## - CATALOGING SOURCE
Original cataloging agency TEF
Transcribing agency TEF
Modifying agency BAKER
-- UGX
-- VRC
-- YDXCP
-- BDjRUL
Language of cataloging eng
041 ## - LANGUAGE CODE
Language code of text/sound track or separate title eng
082 04 - DEWEY DECIMAL CLASSIFICATION NUMBER
Classification number 519.2
Edition number 22
Author mark and year CHF 2005
100 1# - MAIN ENTRY--PERSONAL NAME
Personal name Chandra, T. K.
Fuller form of name (Tapas K.)
9 (RLIN) 22381
245 12 - TITLE STATEMENT
Title A first course in probability /
Statement of responsibility, etc. T.K. Chandra, D. Chatterjee.
250 ## - EDITION STATEMENT
Edition statement 3rd ed.
260 ## - PUBLICATION, DISTRIBUTION, ETC. (IMPRINT)
Place of publication, distribution, etc. Harrow, U.K. :
Name of publisher, distributor, etc. Alpha Science International,
Date of publication, distribution, etc. c2005.
300 ## - PHYSICAL DESCRIPTION
Pagination xvi, 486 p. :
Illustrations ill. ;
Size 25 cm.
504 ## - BIBLIOGRAPHY, ETC. NOTE
Bibliography, etc Includes index.
650 #0 - SUBJECT ADDED ENTRY--TOPICAL TERM
Topical term or geographic name as entry element Probabilities.
9 (RLIN) 24790
Topical term or geographic name as entry element Probabilidades.
9 (RLIN) 24791
700 1# - ADDED ENTRY--PERSONAL NAME
Personal name Chatterjee, D.
Fuller form of name (Dipak)
942 ## - ADDED ENTRY ELEMENTS (KOHA)
Source of classification or shelving scheme Dewey Decimal Classification
Koha item type Books
Holdings
Lost status Source of classification or shelving scheme Damaged status Not for loan Collection code Permanent Location Current Location Shelving location Date acquired Source of acquisition Cost, normal purchase price Total Checkouts Full call number Date last seen Copy number Koha item type
  Dewey Decimal Classification     Non-fiction Central Library, University of Rajshahi Central Library, University of Rajshahi   05/07/2008 Dhaka, Paragon Enterprises Ltd 295.00   519.2 CHF 2005 16/01/2014 C-5 Books